Statystyki dla CO JEST NIEZBĘDNE DO ZROBIENIA MAKIJAŻU?

Kliknij tutaj aby rozwiązać quiz!

Ogólne statystyki

  • Ten quiz został rozwiązany 1 021 razy
  • Średni wynik to 6 z 8

Statystyki odpowiedzi

HintOdpowiedź% Poprawnych
6.Podkład
95%
4.Tusz
89%
2.Puder
86%
3.Korektor
77%
5.Pomadka
71%
7.Pędzel
66%
8.Kredka
58%
1.Lustro
22%

Rozkład punktacji

Percentyl według liczby udzielonych odpowiedzi

Procent ludzi z każdym wynikiem

Twoja historia wyników

Nie rozwiązałeś tego quizu